LIBRARY & INFORMATION CENTRE, KCAET, TAVANUR

ONLINE PUBLIC ACCESS CATALOGUE (OPAC)

Normal view MARC view
  • Sannigrahi, Asoke Kumar

Entry Personal Name

Number of records used in: 1

001 - CONTROL NUMBER

  • control field: 43

003 - CONTROL NUMBER IDENTIFIER

  • control field: OSt

005 - DATE AND TIME OF LATEST TRANSACTION

  • control field: 20140319103244.0

008 - FIXED-LENGTH DATA ELEMENTS

  • fixed length control field: 140319|| aca||aabn | a|a d

040 ## - CATALOGING SOURCE

  • Original cataloging agency: OSt
  • Transcribing agency: OSt

100 ## - HEADING--PERSONAL NAME

  • Personal name: Sannigrahi, Asoke Kumar

670 ## - SOURCE DATA FOUND

  • Source citation: Work cat.: (OSt)13734: Sannigrahi, Asoke Kumar, Agriculture and waste management for sustainable future, 2011
free website counter